Ternak siakap dalam sangkar bawa keuntungan / (Record no. 10278)

MARC details
000 -LEADER
fixed length control field 01194nab a2200289 u 4500
001 - CONTROL NUMBER
control field 12962
003 - CONTROL NUMBER IDENTIFIER
control field HDC
007 - PHYSICAL DESCRIPTION FIXED FIELD--GENERAL INFORMATION
fixed length control field cr bn ---aaaaa
008 - FIXED-LENGTH DATA ELEMENTS--GENERAL INFORMATION
fixed length control field 210201b20110329my ||||| |||| 00| 0 may d
040 ## - CATALOGING SOURCE
Original cataloging agency HDC
100 ## - MAIN ENTRY--PERSONAL NAME
Personal name Khairunnisa Sulaiman,
Relator term author
9 (RLIN) 11392
245 #0 - TITLE STATEMENT
Title Ternak siakap dalam sangkar bawa keuntungan /
Statement of responsibility, etc. Khairunnisa Sulaiman dan gambar oleh Zulhafiz Hanafiah
260 ## - PUBLICATION, DISTRIBUTION, ETC.
Place of publication, distribution, etc. Kuala Lumpur :
Name of publisher, distributor, etc. Utusan Melayu (M) Bhd.,
Date of publication, distribution, etc. 2011
300 ## - PHYSICAL DESCRIPTION
Extent 1 online resource
336 ## - CONTENT TYPE
Content type term text
Source rdacontent
337 ## - MEDIA TYPE
Media type term computer
Source rdamedia
338 ## - CARRIER TYPE
Carrier type term online resource
Source rdacarrier
650 ## - SUBJECT ADDED ENTRY--TOPICAL TERM
Topical term or geographic name entry element aquaculture
Geographic subdivision Malaysia
9 (RLIN) 13809
650 ## - SUBJECT ADDED ENTRY--TOPICAL TERM
Topical term or geographic name entry element Fishery management
Geographic subdivision Malaysia
9 (RLIN) 13810
700 ## - ADDED ENTRY--PERSONAL NAME
Personal name Zulhafiz Hanafiah,
Relator term photographer
9 (RLIN) 13777
710 ## - ADDED ENTRY--CORPORATE NAME
Corporate name or jurisdiction name as entry element Utusan Malaysia
Relator term issung body
856 ## - ELECTRONIC LOCATION AND ACCESS
Public note Request full-text at [email protected]
856 ## - ELECTRONIC LOCATION AND ACCESS
Public note Request full-text at [email protected]
942 ## - ADDED ENTRY ELEMENTS (KOHA)
Source of classification or shelving scheme Library of Congress Classification
942 ## - ADDED ENTRY ELEMENTS (KOHA)
Koha item type Newspaper Articles
942 ## - ADDED ENTRY ELEMENTS (KOHA)
Call number prefix NWSC 000079
Holdings
Withdrawn status Lost status Source of classification or shelving scheme Damaged status Not for loan Home library Current library Shelving location Date acquired Total checkouts Full call number Date last seen Price effective from Koha item type
    Library of Congress Classification     Halal Development Corporation Library Halal Development Corporation Library Open Shelves 24/05/2023   NWSC 000079 24/05/2023 24/05/2023 Newspaper Articles
Halal Development Corporation Berhad (HDC)
5.02 Level 5, KPMG Tower, First Avenue, Persiaran Bandar Utama, 47800 Petaling Jaya, Selangor Darul Ehsan
Phone: +603 7965 5489 Email: [email protected]